00350 2200145 4500001002100000005001500021035002000036245005300056100002400109300000800133260002900141082000800170084001400178990001200192INLIS00000000000217120250527121236 a0010-05250004631 aCerita-Cerita Negeri Asap /cRaphar Panca Dahana0 aRaphar Panca Dahana a180 aJakarta :bKompas,c2005 a813 a813 RAP c a0712514